| 000 | 00465nam a2200181Ia 4500 | ||
|---|---|---|---|
| 001 | 9420 | ||
| 005 | 20260306161717.0 | ||
| 008 | 260306t2018||||xx |||||||||||||| ||spa|| | ||
| 041 | _aESP | ||
| 082 |
_a378.86 _bP95 |
||
| 100 |
_aPulido Cortés, Óscar _eAUT |
||
| 245 | 0 |
_aLa universidad como proyecto modernizador: _bilusiones y desencantos |
|
| 260 | _c2018 | ||
| 300 |
_a298 páginas : _c24 cm. |
||
| 650 | _aGEN | ||
| 654 | _aCHU | ||
| 942 |
_cLIB _dJUS _fJUS _2ddc _n |
||
| 999 |
_c9420 _d9420 |
||